How to select experts when building expert system

Rozdiely u odborníkov pri riešení rovnakej úlohy alebo problému. Spôsob a metódy výberu expertov, ktorí tvoria expertné systémy. Využitie nových metód ako Theory of expert competence alebo CWS index.

Guardado en:
Detalles Bibliográficos
Autor principal: Hanák, Róbert, 1979-
Formato: Capítulo de libro
Lenguaje:inglés
Materias:
Etiquetas: Agregar Etiqueta
Sin Etiquetas, Sea el primero en etiquetar este registro!

MARC

LEADER 00000nla$a2200000$$$4500
001 0125144
005 20240502072426.4
041 0 |a eng 
044 |a SK 
245 1 0 |a How to select experts when building expert system  |c Róbert Hanák 
520 |a Rozdiely u odborníkov pri riešení rovnakej úlohy alebo problému. Spôsob a metódy výberu expertov, ktorí tvoria expertné systémy. Využitie nových metód ako Theory of expert competence alebo CWS index. 
610 2 0 |a manažment 
610 2 0 |a manažment informačný 
610 2 0 |a metódy riadenia 
610 2 0 |a experti 
610 2 0 |a odbornosť 
610 2 0 |a kompetencie 
610 2 0 |a profesiogramy 
100 1 |a Hanák, Róbert, 1979-